000 01050nas a2200289 4500
001 BR8100251
003 BR-BrBNA
005 20231205084454.0
007 ta
008 230509b bl.|||p| |||| 00| 00por d
040 _aBR-BrBNA
_bpor
_cBiblioteca Nacional de Agricultura
041 _a(Pt)
072 _aF23; P10
100 1 _aCarvalho, W.A.
100 1 _aPiedade, G.C.R.
100 1 _aCarvalho, A.M. de
100 1 _aDenadai, I.M.
245 1 _aRelacao entre distribuicao de solos e semelhanca geometrica de bacias de drenagem no municipio de Botucatu, SP [Sao Paulo; Brasil]
246 1 _aRelationship between soil distribution of Botucatu municipality and geometrical similarity of watershed [Sao Paulo; Brazil]
650 _aClassificacao do solo
650 _aRecurso da terra
650 _aBacia hidrografica
650 _aSao Paulo
773 0 _tRevista Brasileira de Ciencia do Solo (Brazil)
_xISSN 0100-0683
_g(May 1980), v. 4(2) p. 110-114
_wBR8100251
909 _a202311
_bLúcia
_c55
_dLúcia Elande
942 _2AGRIS
_n0
_cANA
999 _c105454
_d105454